000 00380nam a22001097a 4500
082 _a080/BAN
100 _aबंसल ,रश्मि
_982234
245 _aमेरे देश की धरती
260 _aनई दिल्ली
_bअनउण्ड पब्लिकैशन
_c2023
650 _aव्यकतित्व विकास
_965212
942 _cHIN
999 _c67536
_d67536